000 01064nam a22003257a 4500
003 CHAP
005 20220329134353.0
008 971013s1970 r 00010 d
010 _a19507
011 _a20479
035 _a24567
040 _cCHAP
082 _a572.9
_bD5 1970
100 0 0 _aDicken, Samuel N.
_932462
245 _aIntroduction to cultural geography; a study of man and his environment
250 _a2 ed.
260 _aLexington, Mass. :
_bXerox College,
_c1970
300 _a493 p.
_b: ilus.
500 _aTitulo de la primera ed. : Introduction to human geography
590 _aBATCH-UPD
_b10
_c20130109
_lUCH01
_h2315
590 _aBATCH-UPD
_b10
_c20130110
_lUCH01
_h1747
590 _aBATCH-UPD
_b10
_c20130410
_lUCH01
_h1125
590 _aCONVERSION
_b10
_c20130109
_lUCH01
_h1312
650 1 4 _aAntropogeografia.
_96125
650 1 4 _aHombre
_xInfluencia del medio ambiente.
_956040
700 0 _aPitts, Forrest R.
_988598
901 _aBK
942 _cLIBRO
949 _a572.9 D5 1970
_bBC
_cLIBRO
_d33724000478079
_eLIBRO
_h42428
_i24567
_si
999 _c19507
_d19507